000 00677nam a2200241Ia 4500
003 OSt
005 20220925195040.0
006 a|||||r|||| 00| 0
007 ta
008 220923b |||||||| |||| 00| 0 eng d
037 _cGeneral Book
040 _aRTL
_cRTL
_beng
041 _2eng
_aeng
082 _aQ8441:33, K9
100 _aKohli Surindar Singh
245 0 _aPhilosophy of guru nanak
260 _aChandigarh
_bPublications Bureau India
_c1969
300 _avii, 200p.
_ccm.
500 _aBibp. 199-200; Appendix p. 169-198
650 _aSirhism
942 _hQ8441:33, K9
_cGB
_2CC
999 _c531632
_d531632